| 000 | 00488nam a22001697a 4500 | ||
|---|---|---|---|
| 008 | 230606b |||||||| |||| 00| 0 eng d | ||
| 040 |
_aNational Science Library _cNational Science Library |
||
| 080 |
_a616.895.8-547.233 _bK7 |
||
| 245 | _aAmines and schizophrenia | ||
| 260 |
_aOxford: _bPergamon Press, _c1967 |
||
| 300 | _aix, 290p. | ||
| 650 | _aSchizophrenia | ||
| 653 | _aTryptophan | ||
| 700 | _aHimwich, Harold E (Ed.) | ||
| 700 | _aKety, Seymour S (Ed.) | ||
| 942 |
_2udc _cBK |
||
| 999 |
_c39681 _d39681 |
||